Montpellier Biggest Transfers - Statistics

General Stats
  • This quiz has been taken 19 times
  • The average score is 41 of 74
Answer Stats
% Correct
Incomings France RB Nordi Mukiele 16/17 Stade Lavallois
100%
Outgoings France RB Nordi Mukiele 18/19 RB Leipzig
100%
Incomings England LW Stephy Mavididi 20/21 Juventus
100%
Outgoings England LW Stephy Mavididi 23/24 Leicester City
100%
Outgoings Morocco AM Younes Belhanda 13/14 Dynamo Kyiv
93%
Incomings Algeria ST Andy Delort 19/20 Toulouse
87%
Outgoings Algeria ST Andy Delort 21/22 Nice
87%
Incomings France GK Benjamin Lecomte 17/18 Lorient
87%
Incomings France GK Benjamin Lecomte 22/23 Monaco
87%
Outgoings France GK Benjamin Lecomte 19/20 Monaco
87%
Outgoings France ST Elye Wahi 23/24 Lens
87%
Incomings France ST Olivier Giroud 10/11 Tours
87%
Outgoings France ST Olivier Giroud 12/13 Arsenal
87%
Incomings Nigeria ST Akor Adams 23/24 Lillestrom
80%
Incomings France ST Gaetan Laborde 18/19 Bordeaux
80%
Outgoings France ST Gaetan Laborde 21/22 Rennes
80%
Outgoings France LB Jerome Roussillon 18/19 Wolfsburg
80%
Incomings Switzerland GK Jonas Omlin 20/21 Basel
80%
Outgoings Switzerland GK Jonas Omlin 22/23 Borussia Monchengladbach
80%
Incomings France AM Teji Savanier 19/20 Nimes
80%
Outgoings France DM Benjamin Stambouli 14/15 Tottneham Hotspur
73%
Incomings France CB Christopher Jullien 22/23 Celtic
73%
Incomings Argentina GK Geronimo Rulli 19/20 Real Sociedad
73%
Outgoings France CB Mapou Yanga-Mbiwa 12/13 Newcastle United
73%
Outgoings France AM Remy Cabella 14/15 Newcastle United
73%
Outgoings Benin ST Steve Mounie 17/18 Huddersfield Town
73%
Incomings France CM Jordan Ferri 19/20 Lyon
67%
Incomings Mali CB Kiki Kouyate 22/23 Metz
67%
Outgoings France CB Laurent Blanc 91/92 Napoli
67%
Outgoings France RB Ruben Aguilar 19/20 Monaco
67%
Incomings Algeria AM Ryad Boudebouz 15/16 Bastia
67%
Outgoings Algeria AM Ryad Boudebouz 17/18 Real Betis
67%
Incomings France RB Arnaud Souquet 19/20 Gent
60%
Incomings France CB Daniel Congre 12/13 Toulouse
60%
Outgoings Tunisia DM Ellyes Skhiri 19/20 Koln
60%
Incomings Mali RB Falaye Sacko 23/24 Vitoria Guimaraes
60%
Outgoings France CM Morgan Sanson 16/17 Marseille
60%
Incomings Portugal CB Pedro Mendes 17/18 Rennes
53%
Outgoings Bosnia CB Emir Spahic 11/12 Sevilla
47%
Incomings Cameroon LB Henri Bedimo 11/12 Lens
47%
Outgoings Cameroon LB Henri Bedimo 13/14 Lyon
47%
Incomings Belgium RW Isaac Mbenza 16/17 Standard Liege
47%
Outgoings Belgium RW Isaac Mbenza 19/20 Huddersfield Town
47%
Outgoings Belgium RW Isaac Mbenza 18/19 Huddersfield Town
47%
Incomings Chile DM Marco Estrada 10/11 Universidad de Chile
47%
Outgoings Chile DM Marco Estrada 13/14 Al-Wahda
47%
Outgoings Colombia ST Victor Montano 10/11 Rennes
47%
Incomings Ivory Coast ST Giovanni Sio 17/18 Rennes
40%
Outgoings France DM Jonas Martin 16/17 Real Betis
40%
Outgoings Morocco CB Abdelhamid El Kaoutari 15/16 Palermo
33%
Incomings France LW Anthony Mounier 12/13 Nice
33%
Outgoings France LW Anthony Mounier 15/16 Bologna
33%
Outgoings Chad ST Casimir Ninga 18/19 Caen
33%
Incomings Uruguay DM Facundo Piriz 18/19 Akhmat Grozny
33%
Incomings France AM Florent Mollet 18/19 Metz
33%
Incomings France ST Gaetan Charbonnier 12/13 Angers
33%
Outgoings France ST Gaetan Charbonnier 13/14 Reims
33%
Outgoings Ivory Coast ST Ibrahima Bakayoko 98/99 Everton
33%
Outgoings France CM Philippe Delaye 00/01 Rennes
33%
Outgoings Argentina CM Tino Costa 10/11 Valencia
33%
Outgoings Burkina Faso CM Bryan Dabo 16/17 Saint-Etienne
27%
Incomings Argentina ST Emanuel Herrera 12/13 Union Espanola
27%
Outgoings France GK Johann Carrasso 10/11 Rennes
27%
Incomings France RB Junior Sambia 18/19 Chamois Niort
27%
Incomings South Africa LW Keagan Dolly 16/17 Mamelodi Sundowns
27%
Incomings France ST Kevin Berigaud 14/15 Evian Thonon
27%
Incomings Czech Republic CB Lukas Pokorny 16/17 Slovan Liberec
27%
Incomings Morocco RB Yassine Jebbour 13/14 Rennes
20%
Outgoings Cameroon LB Bill Tchato 02/03 Kaiserslautern
13%
Outgoings Burkina Faso SS Habib Bamogo 04/05 Marseille
13%
Outgoings France LW Cedric Barbosa 03/04 Rennes
7%
Outgoings France SW Herve Alicarte 98/99 Bordeaux
7%
Outgoings France DM Olivier Sorlin 01/02 Rennes
7%
Outgoings France ST Toifilou Maoulida 01/02 Rennes
7%
No matching quizzes found
Score Distribution
Percent of People with Each Score
Percentile by Number Answered
Your Score History
You have not taken this quiz